All Michigan Cities By Letter - G - Statistics

General Stats
  • This quiz has been taken 11 times
  • The average score is 13 of 28
Answer Stats
Population County City/Village % Correct
201,013 Kent Grand Rapids
100%
11,047 Ottawa Grand Haven
88%
1,851 Crawford Grayling
88%
3,685 Otsego Gaylord
75%
7,870 Genesee Grand Blanc
75%
7,896 Eaton/Clinton Grand Ledge
63%
15,858 Kent Grandville
63%
8,420 Montcalm Greenville
63%
2,081 Kalamazoo Galesburg
50%
2,893 Gladwin Gladwin
50%
884 Newaygo Grant
50%
211 Delta Garden
38%
26,408 Wayne Garden City
38%
4,519 Wayne Gibraltar
38%
798 Van Buren Gobles
38%
1,145 Jackson Grass Lake
38%
5,154 Wayne Grosse Pointe
38%
9,114 Wayne Grosse Pointe Farms
38%
11,050 Wayne Grosse Pointe Park
38%
15,332 Wayne Grosse Pointe Woods
38%
325 Iron Gaastra
25%
363 Tuscola Gagetown
25%
358 Genesee Gaines
25%
529 Berrien Galien
25%
4,698 Delta Gladstone
25%
1,884 Genesee Goodrich
25%
281 Berrien Grand Beach
25%
2,794 Wayne Grosse Pointe Shores
25%
No matching quizzes found
Score Distribution
Percent of People with Each Score
Percentile by Number Answered
Your Score History
You have not taken this quiz